000 00523nam a2200205Ia 4500
003 LK-CoDNM
005 20240821112451.0
008 010623t1927 xxu||||| |||| 00| 1 eng d
040 _aLK-CoDNM
_dLK-CoDNM
_eLK-CoDNM
041 _aeng
_aHindi
080 _a7
_bJ17
100 _aMalik,Girindra Narayan
245 _aThe Philosophy of Vaisnava Religion
260 _bMotilal Banarsi Das
_aLahore
_c1927
300 _b429P. ; 21 cm
650 _aBhagavaan
650 _aBrahman
650 _aParamaatmaa
942 _cBK
999 _c93927
_d93927